| 000 | 01149nam a2200217Ii 4500 | ||
|---|---|---|---|
| 003 | JO-AjNU | ||
| 008 | 230605s9999||||xx |||||||||||||| ||und|| | ||
| 040 |
_aJO-AjNU _bara _erda _cJO-AjNU |
||
| 041 | _aara | ||
| 050 | 1 | 4 | _aG490 1997 |
| 100 | 3 |
_aتقديم وتعريب وتحرير البادي، عوض, _eauthor _916279 |
|
| 245 | 0 | 0 | _aالأوضاع السياسة في وسط الجزيرة العربية عند نهاية القرن التاسع عشر( حائل، القصيم، الرياض): نص رحلة البارون ادوارد نولده مبعوث روسيا الى نجد عام 1893م/1310هجري |
| 250 | _aط1 | ||
| 264 | 3 | 1 | _aالولايات المتحدة الامريكية: المعهد العربي للدراسات الدولية، 1997 |
| 300 | _a118ص | ||
| 336 |
_atext _btxt _2rdacontent |
||
| 337 |
_aunmediated _bn _2rdamedia |
||
| 338 |
_avolume _bnc _2rdacarrier |
||
| 490 | 0 | _aسلسلة رحلات في بلاد العرب؛ (2) | |
| 650 | 4 |
_aالجزيرة العربية (حائل، القصيم، الرياض) - اوضاع سياسية - القرن التاسع عشر - تاريخ - رحلات _916280 |
|
| 999 |
_aA4788 _c8356 _d8356 |
||